Champions League Runner-ups - Statistics

General Stats
  • This quiz has been taken 348 times
  • The average score is 53 of 70
Answer Stats
YEAR WINNER RUNNER-UP % Correct
2025 Paris Saint-Germain Internazionale Milano
99%
2023 Manchester City Internazionale Milano
99%
1972 Ajax Internazionale Milano
99%
1967 Celtic Internazionale Milano
99%
2022 Real Madrid Liverpool FC
98%
2018 Real Madrid Liverpool FC
98%
2007 AC Milan Liverpool FC
98%
1985 Juventus Liverpool FC
98%
2021 Chelsea Manchester City
98%
2005 Liverpool FC AC Milan
97%
1995 Ajax AC Milan
97%
1993 Olympique de Marseille AC Milan
97%
1958 Real Madrid AC Milan
97%
2012 Chelsea Bayern München
96%
2010 Internazionale Milano Bayern München
96%
1999 Manchester United Bayern München
96%
1987 FC Porto Bayern München
96%
1982 Aston Villa Bayern München
96%
2017 Real Madrid Juventus
96%
2015 FC Barcelona Juventus
96%
2003 AC Milan Juventus
96%
1998 Real Madrid Juventus
96%
1997 Borussia Dortmund Juventus
96%
1983 Hamburger SV Juventus
96%
1973 Ajax Juventus
96%
2008 Manchester United Chelsea
95%
2020 Bayern München Paris Saint-Germain
92%
2006 FC Barcelona Arsenal
91%
2019 Liverpool FC Tottenham Hotspur
90%
1996 Juventus Ajax
89%
1969 AC Milan Ajax
89%
2016 Real Madrid Atlético Madrid
89%
2014 Real Madrid Atlético Madrid
89%
1974 Bayern München Atlético Madrid
89%
1994 AC Milan FC Barcelona
88%
1986 Steaua București FC Barcelona
88%
1961 SL Benfica FC Barcelona
88%
2011 FC Barcelona Manchester United
88%
2009 FC Barcelona Manchester United
88%
2024 Real Madrid Borussia Dortmund
84%
2013 Bayern München Borussia Dortmund
84%
1981 Liverpool FC Real Madrid
80%
1990 AC Milan SL Benfica
80%
1988 PSV Eindhoven SL Benfica
80%
1968 Manchester United SL Benfica
80%
1965 Internazionale Milano SL Benfica
80%
1963 AC Milan SL Benfica
80%
1964 Internazionale Milano Real Madrid
74%
1962 SL Benfica Real Madrid
74%
1970 Feyenoord Celtic
70%
1991 FK Crvena Zvezda Olympique de Marseille
68%
2004 FC Porto AS Monaco
67%
2002 Real Madrid Bayer 04 Leverkusen
67%
2001 Bayern München Valencia CF
67%
2000 Real Madrid Valencia CF
67%
1984 Liverpool FC AS Roma
63%
1975 Bayern München Leeds United
31%
1960 Real Madrid Eintracht Frankfurt
30%
1957 Real Madrid Fiorentina
28%
1959 Real Madrid Stade de Reims
27%
1956 Real Madrid Stade de Reims
27%
1977 Liverpool FC Borussia Mönchengladbach
26%
1979 Nottingham Forest Malmö
26%
1992 FC Barcelona Sampdoria
25%
1989 AC Milan Steaua București
24%
1980 Nottingham Forest Hamburger SV
22%
1978 Liverpool FC Club Brugge
20%
1976 Bayern München AS Saint-Étienne
14%
1966 Real Madrid FK Partizan
14%
1971 Ajax Panathinaikos
14%
No matching quizzes found
Score Distribution
Percent of People with Each Score
Percentile by Number Answered
Your Score History
You have not taken this quiz